Faust /
Johann Wolfgang von Goethe's Faust is a tragic play in two parts usually known in English as Faust, Part One and Faust, Part Two. Although rarely staged in its entirety, it is the play with the largest audience numbers on German-language stages. Faust is Goethe's magnum opus and considered...
Uloženo v:
| Hlavní autor: | |
|---|---|
| Médium: | E-kniha |
| Jazyk: | Czech |
| Vydáno: |
Praha :
Saga Egmont,
2022
|
| Tagy: |
Žádné tagy |
| LEADER | 01245nam a22002297i 4500 | ||
|---|---|---|---|
| 001 | 312065 | ||
| 007 | ta | ||
| 008 | 260601s2022 xr ||||| |||| 00| 0 cze d | ||
| 020 | |a 9990003852823 | ||
| 044 | |a xr | ||
| 100 | 1 | |a Goethe, Johann Wolfgang von |4 aut | |
| 245 | 1 | 0 | |a Faust / |c Goethe, Johann Wolfgang von |
| 264 | 1 | |a Praha : |b Saga Egmont, |c 2022 | |
| 300 | |a 1 online zdroj (171 stran) | ||
| 336 | |a text |b txt |2 rdacontent | ||
| 337 | |a bez média |b n |2 rdamedia | ||
| 338 | |a online zdroj |b cr |2 rdacarrier | ||
| 520 | 2 | |a Johann Wolfgang von Goethe's Faust is a tragic play in two parts usually known in English as Faust, Part One and Faust, Part Two. Although rarely staged in its entirety, it is the play with the largest audience numbers on German-language stages. Faust is Goethe's magnum opus and considered by many to be the greatest work of German literature. | |
| 910 | |a RBIT002 | ||
| 998 | |d 385282 |a https://core.palmknihy.cz/api/books/385282/cover?s0mi15 |b https://core.palmknihy.cz/api/books/385282/cover/400?s0mi15 |c https://core.palmknihy.cz/api/books/385282/cover/50?s0mi15 |e |g 171 |i 9990003852823 |j https://core.palmknihy.cz/api/books/385282/preview.epub |l |q 49 |r 1 |s https://www.palmknihy.cz/kniha/385282 |t ebook |y 2022 |z 1 | ||
| 999 | |d 312063 | ||